| Tag |
First Indicator |
Second Indicator |
Subfields |
| LEADER |
00000cam a2200000 4500 |
| 001 |
in00000055036 |
| 005 |
20151008052144.0 |
| 008 |
790703s1951 nyu 00000 eng |
| 010 |
|
|
|a 51003524
|
| 035 |
|
|
|a (OCoLC)05136112
|
| 035 |
|
|
|9 AAH1955AM
|
| 040 |
|
|
|a DLC
|c CLE
|d TXA
|d UtOrBLW
|
| 049 |
|
|
|a TXAM
|c [218877]
|
| 050 |
|
0 |
|a V23
|b .I4
|
| 082 |
0 |
|
|a 359.03
|
| 092 |
|
|
|a 359.03
|b I29
|
| 245 |
0 |
0 |
|a Illustrated ships dictionary ;
|b a handy compendium of the most commonly used terms connected with ships and seamanship, together with especially prepared illustrations /
|c By Theodore Fruchtman.
|
| 264 |
|
1 |
|a New York :
|b Reporter Publications,
|c [1951]
|
| 300 |
|
|
|a 1 volume (unpaged) :
|b illustrations, maps. ;
|c 18 cm.
|
| 336 |
|
|
|a text
|b txt
|2 rdacontent
|
| 337 |
|
|
|a unmediated
|b n
|2 rdamedia
|
| 338 |
|
|
|a volume
|b nc
|2 rdacarrier
|
| 650 |
|
0 |
|a Naval art and science
|v Dictionaries.
|
| 650 |
|
0 |
|a Picture dictionaries, English.
|
| 700 |
1 |
|
|a Fruchtman, Theodore,
|d 1898-
|
| 740 |
0 |
|
|a Ships dictionary.
|
| 999 |
|
|
|a MARS
|
| 999 |
f |
f |
|s 7d19387e-6d83-3157-96fb-c04ac419fe6a
|i 43d369a0-b929-36ca-853c-ee560890ddd4
|t 0
|
| 952 |
f |
f |
|p normal
|a Texas A&M University
|b College Station
|c Sterling C. Evans Library
|d Evans: Library Stacks
|t 0
|e V23 I4
|h Library of Congress classification
|i unmediated -- volume
|m A14800807506
|
| 998 |
f |
f |
|a V23 I4
|t 0
|l Evans: Library Stacks
|